000
00225 a2200097 4500
001
14289
100
_a
Masland, J.W
245
_a
Soldiers and scholars
260
_a
New Jersey
_b
Princeton univ press
_c
090
_c
11199
_d
11199
942
_a
NUST-CAE
_c
M
_c
1335
999
_c
249362
_d
249362